00408nam a2200145Ia 4500008004100000020001800041082001400059100001900073245005500092250000800147260005000155300001500205600002100220650002100241241115s9999 xx 000 0 und d a0-02-421665-8 a006.3 TUR aTurban, Efraim 0aExpert Systems and Applied Artificial Intelligence a.NA aNew York:bMacmillan Publishing Companyc1992 axxii,804p. aComputer Science aComputer Science